Statistics for 100 Largest Cities in France

Click here to take the quiz!

General Stats

  • This quiz has been taken 51 times
  • The average score is 37 of 100

Answer Stats

Rank City % Correct
1Paris
100%
3Marseille
98%
6Nice
98%
2Lyon
98%
7Bordeaux
96%
5Toulouse
93%
4Lille
89%
8Nantes
87%
13Strasbourg
84%
16Saint-Étienne
82%
26Dijon
82%
15Montpellier
82%
28Le Havre
80%
20Rennes
80%
33Brest
76%
30Reims
71%
9Toulon
71%
10Grenoble
69%
23Orléans
69%
88Ajaccio
64%
12Rouen
64%
38Limoges
64%
14Avignon
64%
21Metz
64%
22Nancy
62%
42Amiens
62%
55Calais
60%
18Tours
60%
34Caen
60%
37Nîmes
58%
24Clermont-Ferrand
53%
29Angers
51%
32Perpignan
51%
47Poitiers
47%
40Dunkerque
44%
49La Rochelle
44%
31Le Mans
44%
11Douai - Lens
44%
44Troyes
42%
25Mulhouse
42%
45Besançon
40%
35Pau
38%
27Bayonne
38%
74Quimper
38%
61Béziers
36%
66Boulogne-sur-Mer
36%
89Bastia
31%
19Valenciennes
31%
57Colmar
27%
94Vichy
27%
36Chambéry
27%
64Chartres
27%
48Valence
24%
69Bourges
24%
68Cherbourg-Octeville
24%
85Niort
24%
76Montauban
22%
83Albi
22%
51Lorient
22%
41Annecy
22%
43Saint-Nazaire
22%
75Vannes
20%
71Agen
18%
95Saint-Quentin
18%
65Arras
18%
53Angoulême
18%
70Belfort
18%
90Laval
16%
62Sète
16%
87Menton
13%
100Châteauroux
13%
79Tarbes
13%
91Blois
13%
93Bergerac
13%
98Épinal
13%
84Périgueux
13%
80Meaux
13%
54Montbéliard
11%
56Fréjus
11%
96Saint-Omer
9%
58Vienne
9%
92La Teste-de-Buch - Arcachon
9%
39Annemasse
7%
59Alès
7%
46Thionville
7%
17Béthune
7%
86Compiègne
7%
72Draguignan
7%
60Saint-Brieuc
4%
52Maubeuge
4%
50Creil
4%
82Chalon-sur-Saône
4%
81Brive-la-Gaillarde
4%
77Armentières
2%
67Forbach
2%
97Salon-de-Provence
2%
63Cluses
2%
78Thonon-les-Bains
2%
73Roanne
0%
99Saint-Just-Saint-Rambert
0%

Score Distribution

Percentile by Number Answered

Percent of People with Each Score

Your Score History

You have not taken this quiz